[Event "Wildbad Seniors op 7th"]
[Site "Bad Wildbad"]
[Date "2005.10.26"]
[Round "6"]
[White "Schuler, Georg"]
[Black "Staengle, Walter"]
[Result "1-0"]
[WhiteElo "1798"]
[BlackElo "1358"]
[PlyCount "71"]
[EventDate "2005.10.21"]
[EventType "swiss"]
[EventRounds "9"]
[EventCountry "GER"]
[SourceTitle "EXT 2007"]
[Source "ChessBase"]
[SourceDate "2006.11.23"]
[SourceVersion "1"]
[SourceVersionDate "2006.11.23"]
[SourceQuality "1"]

1. c4 e5 2. Nc3 Nf6 3. g3 c6 4. d4 exd4 5. Qxd4 Be7 6. e4 d6 7. Bg2 0-0 8. Nge2 Bd7 9. 0-0 c5 10. Qd2 Nc6 11. b3 a6 12. Bb2 Rb8 13. a4 Ne5 14. f4 Ng6 15. Nd5 Nxd5 16. Qxd5 Bc6 17. Qd2 b5 18. axb5 axb5 19. Ra6 Bd7 20. Rd1 Bg4 21. Rda1 Qc7 22. Nc3 bxc4 23. bxc4 Qb7 24. Nb5 Ra8 25. Ra7 Rxa7 26. Rxa7 Qb6 27. f5 Ne5 28. Bxe5 dxe5 29. Rxe7 Rd8 30. Rd7 Rxd7 31. Qxd7 h6 32. h3 Be2 33. Nd6 Qb1+ 34. Kh2 Qb2 35. Qxf7+ Kh8 36. Ne8 1-0

[Event "Wuerttemberg-ch Seniors 12th"]
[Site "Ellwangen"]
[Date "2000.??.??"]
[Round "4"]
[White "Staengle, Walter"]
[Black "Ganslmayer, Herbert"]
[Result "0-1"]
[WhiteElo "1441"]
[BlackElo "1755"]
[PlyCount "60"]
[EventDate "2000.04.??"]
[EventType "swiss"]
[EventRounds "9"]
[EventCountry "GER"]
[SourceTitle "EXT 2006"]
[Source "ChessBase"]
[SourceDate "2005.11.24"]
[SourceVersion "1"]
[SourceVersionDate "2005.11.24"]
[SourceQuality "1"]

1. e4 d5 2. exd5 Qxd5 3. Nc3 Qa5 4. Nf3 Bg4 5. h3 Bh5 6. Be2 e6 7. a3 Nf6 8. 0-0 c6 9. d4 Qc7 10. Re1 Nbd7 11. Ng5 Bxe2 12. Qxe2 Be7 13. Nce4 0-0-0 14. b4 Nb6 15. Be3 Nxe4 16. Nxe4 Nd5 17. c4 Nxe3 18. Qxe3 Bf6 19. Nxf6 gxf6 20. Rad1 h5 21. Qf3 f5 22. c5 h4 23. Re3 Rd5 24. g4 hxg3 25. Qxg3 f4 26. Qg7 Qd8 27. Qxf7 Qg8+ 28. Qxg8+ Rxg8+ 29. Kh2 fxe3 30. fxe3 Rf5 0-1

[Event "Wuerttemberg-ch Seniors 07th"]
[Site "Ellwangen"]
[Date "1995.??.??"]
[Round "2"]
[White "Falke, Karl"]
[Black "Staengle, Walter"]
[Result "1/2-1/2"]
[WhiteElo "1800"]
[BlackElo "1475"]
[PlyCount "111"]
[EventDate "1995.04.07"]
[EventType "swiss"]
[EventRounds "9"]
[EventCountry "GER"]
[SourceTitle "EXT 2006"]
[Source "ChessBase"]
[SourceDate "2005.11.24"]
[SourceVersion "1"]
[SourceVersionDate "2005.11.24"]
[SourceQuality "1"]

1. c4 Nf6 2. Nc3 g6 3. d4 Bg7 4. e4 d6 5. f4 0-0 6. Be2 c5 7. Be3 b6 8. d5 Nfd7 9. Qd2 Bb7 10. Nf3 a6 11. 0-0 Qc7 12. f5 Ne5 13. Bh6 Nbd7 14. Bxg7 Kxg7 15. fxg6 Nxf3+ 16. Rxf3 fxg6 17. Rh3 Nf6 18. Qh6+ Kg8 19. Bg4 Bc8 20. Be6+ Bxe6 21. dxe6 Ra7 22. Nd5 Qc8 23. Nxf6+ exf6 24. Rg3 Qxe6 25. h4 Qxe4 26. h5 Rg7 27. Rd1 Rd8 28. Re3 Qxc4 29. Rde1 Qf7 30. Re7 Qxe7 31. Rxe7 Rxe7 32. hxg6 hxg6 33. Qxg6+ Rg7 34. Qxf6 Rdd7 35. Qe6+ Kf8 36. Qd5 Rge7 37. Qa8+ Kf7 38. Qxa6 Rb7 39. Qc4+ Ke8 40. Qd5 Red7 41. g4 Rg7 42. Kh2 Rbe7 43. Kg3 Rg6 44. Qc6+ Kf8 45. Qxb6 Reg7 46. Qd8+ Kf7 47. Qd7+ Kf8 48. Qd8+ Kf7 49. Qc8 Rxg4+ 50. Qxg4 Rxg4+ 51. Kxg4 Ke6 52. Kf4 Kd5 53. Ke3 Kc4 54. Kd2 d5 55. Kc2 d4 56. Kd2 1/2-1/2